Survivor Seasons - Statistics

General Stats
  • This quiz has been taken 281 times
    198 since last reset
  • The average score is 31 of 40
Answer Stats
Season Number Season Title % Correct
1 Survivor: Borneo
95%
2 Survivor: The Australian Outback
94%
3 Survivor: Africa
93%
40 Survivor: Winners at War
86%
8 Survivor: All Stars
84%
16 Survivor: Micronesia - Fans vs Favorites
84%
5 Survivor: Thailand
84%
15 Survivor: China
83%
13 Survivor: Cook Islands
83%
4 Survivor: Marquesas
83%
12 Survivor: Panama - Exile Island
83%
7 Survivor: Pearl Islands
83%
14 Survivor: Fiji
80%
28 Survivor: Cagayan
79%
10 Survivor: Palau
78%
19 Survivor: Samoa
78%
31 Survivor: Cambodia - Second Chance
77%
17 Survivor: Gabon - Earth's Last Eden
77%
20 Survivor: Heroes vs. Villains
76%
6 Survivor: The Amazon
76%
39 Survivor: Island of the Idols
75%
22 Survivor: Redemption Island
75%
9 Survivor: Vanuatu - Islands of Fire
75%
35 Survivor: Heroes v. Healers v. Hustlers
74%
24 Survivor: One World
74%
18 Survivor: Tocantins - The Brazilian Highlands
74%
21 Survivor: Nicaragua
73%
27 Survivor: Blood vs. Water
72%
36 Survivor: Ghost Island
72%
11 Survivor: Guatemala - The Mayan Empire
72%
34 Survivor: Game Changers - Mamanuca Islands
70%
23 Survivor: South Pacific
70%
30 Survivor: Worlds Apart
69%
25 Survivor: Philippines
68%
37 Survivor: David vs. Goliath
67%
26 Survivor: Caramoan - Fans vs. Favorites
66%
33 Survivor: Millennials vs. Gen X
66%
29 Survivor: San Juan del Sur - Blood vs Water
64%
38 Survivor: Edge of Extinction
61%
32 Survivor: Kaôh Rōng
61%
No matching quizzes found
Score Distribution
Percent of People with Each Score
Percentile by Number Answered
Your Score History
You have not taken this quiz since the last reset